Christian Evaluation of `ISA` (Record no. 3891)

MARC details
000 -LEADER
fixed length control field 00645nam a2200241 a 4500
020 ## - INTERNATIONAL STANDARD BOOK NUMBER
ISBN
082 00 - DEWEY DECIMAL CLASSIFICATION NUMBER
Classification number 297.24
Author Cutter BIS
100 ## - MAIN ENTRY--AUTHOR NAME
Author name Biswas, Chitranjan
245 ## - TITLE STATEMENT
Title Christian Evaluation of `ISA`
Sub title Jesus, in the Holy Quran
260 ## - PUBLICATION, DISTRIBUTION, ETC. (IMPRINT)
Place of publication Jabalpur
Name of publisher Leonard Theological College
Year of publication 1965
300 ## - PHYSICAL DESCRIPTION
Number of Pages 38p
500 ## - GENERAL NOTE
General note includes index and biblioraphy
505 2# - FORMATTED CONTENTS NOTE
Formatted contents note G.Th.Thesis
650 ## - SUBJECT ADDED ENTRY--TOPICAL TERM
Topical Term Jesus Christ-Islamic Interpretation
942 ## - ADDED ENTRY ELEMENTS (KOHA)
Koha item type Books
700 1# -
-- Biswas, Chitranjan
Holdings
Collection code Home library Current library Date acquired Cost, normal purchase price Full call number Accession Number Koha item type
  Henry Martyn Institute Library Henry Martyn Institute Library 07/18/2007 100.00 297.24 BIS 05739 Books
                   Copyright © 2026 | Henry Martyn Institute | Hyderabad | TS-500052 | INDIA | Implemented by hmi.edu.in
Hit-Count:

Powered by Koha